• 首页
  • 本馆介绍
  • 公告通知
  • 最新文献
  • 馆藏检索
  • 电子资源
  • 读者导购
  • 参考咨询
  • 我的图书馆
  • 登录
  • 详细信息显示
  • 放入我的书架
  • 预约/预借图书
  • 作者相关作品
  • 分类相关作品
  • 丛书相关作品
  • 出版社相关作品

书目信息

  • 表格格式
  • 工作单格式
  • 卡片格式
题名:
完美用户体验
    
 
作者: 索利斯 著 ;宫鑫 , 文汝佳 , 刘婷婷 译
分册:  
出版信息: 北京   电子工业出版社  2018
页数: 246页
开本: 19x24cm
丛书名:
单 册:
中图分类: TP11
科图分类:
主题词: 人机界面--ren ji jie mian--产品设计
电子资源:
ISBN: 978-7-121-33739-0
000 01430cam0 2200325 450
001 012001003869
005 20131106102027.0
010    @a978-7-121-33739-0@dCNY119.00
099    @aCAL 012018047889
100    @a20180428d2018 em y0chiy50 ea
101 1  @achi@ceng
102    @aCN@b110000
105    @aa z 000yy
106    @ar
200 1  @a完美用户体验@Awan mei yong hu ti yan@e产品设计思维与案例@d= X@ethe experience when business meets design@f(美) Brian Solis著@g宫鑫, 文汝佳, 刘婷婷译@zeng
210    @a北京@c电子工业出版社@d2018
215    @a246页@c彩图@d19x24cm
306    @a本书简体中文字版专有翻译出版权由美国John Wiley & Sons公司授权出版
314    @a责任者Solis规范汉译姓: 索利斯
330    @a用户体验是一种新的营销方式,也是设计领域最热门的趋势之一。本书作者Brian Solis首先界定了何为数字时代的用户体验,最后落到具体的设计层面的指导,期间穿插着有趣的实例:如好莱坞故事语言中如何使用声音、色彩、语言等形成体验架构,博弈论和Storyboarding如何影响用户体验。
500 10 @aX : the experience when business meets design@mChinese
517 1  @a产品设计思维与案例@Achan pin she ji si wei yu an li
606 0  @a人机界面@Aren ji jie mian@x产品设计
690    @aTP11@v5
701  1 @a索利斯@Asuo li si@g(Solis, Brian)@4著
702  0 @a宫鑫@Agong xin@4译
702  0 @a文汝佳@Awen ru jia@4译
702  0 @a刘婷婷@Aliu ting ting@4译
801  2 @aCN@b上海新华@c20191020
905    @b1206946-9@dTP11@e215@f4
    
    完美用户体验:产品设计思维与案例= X:the experience when business meets design/(美) Brian Solis著/宫鑫, 文汝佳, 刘婷婷译.-北京:电子工业出版社,2018
    246页:彩图;19x24cm
    
    
    ISBN 978-7-121-33739-0:CNY119.00
    用户体验是一种新的营销方式,也是设计领域最热门的趋势之一。本书作者Brian Solis首先界定了何为数字时代的用户体验,最后落到具体的设计层面的指导,期间穿插着有趣的实例:如好莱坞故事语言中如何使用声音、色彩、语言等形成体验架构,博弈论和Storyboarding如何影响用户体验。
●
相关链接 在E读中查询图书 在五车中查询图书 在当当中查询图书 在豆瓣中查询图书


正题名:完美用户体验     索取号:TP11/215         预约/预借

序号 登录号 条形码 馆藏地/架位号 状态 备注
1 1206946   212069465   第二样本阅览室/ [索取号:TP11/215] 在馆    
2 1206947   212069474   第三借阅区/ [索取号:TP11/215] 在馆    
3 1206948   212069483   第三借阅区/ [索取号:TP11/215] 在馆    
4 1206949   212069492   第三借阅区/ [索取号:TP11/215] 在馆    
唐山师范学院图书馆 欢迎您!
大连网信软件有限公司© 版权所有